Fr. Conceicao Rodrigues College of Engineering

Protocols and architecture for wireless sensor networks (Record no. 24632)

MARC details
000 -LEADER
fixed length control field 00392nam a2200157Ia 4500
082 ## - DEWEY DECIMAL CLASSIFICATION NUMBER
Classification number 4.6
Item number KAR
100 ## - MAIN ENTRY--PERSONAL NAME
Personal name Karl/Hogler/ willig/Andreas
245 ## - TITLE STATEMENT
Title Protocols and architecture for wireless sensor networks
260 ## - PUBLICATION, DISTRIBUTION, ETC.
Name of publisher, distributor, etc. Wiley India
Date of publication, distribution, etc. 2005
366 ## - TRADE AVAILABILITY INFORMATION
Publishers's discount category 27
300 ## - PHYSICAL DESCRIPTION
Extent 497
546 ## - LANGUAGE NOTE
Language note ENGLISH
-- electronics
650 ## - SUBJECT ADDED ENTRY--TOPICAL TERM
Topical term or geographic name entry element Wireless sensor network
654 ## - SUBJECT ADDED ENTRY--FACETED TOPICAL TERMS
Focus term protocols
942 ## - ADDED ENTRY ELEMENTS (KOHA)
Koha item type BOOK
Holdings
Withdrawn status Lost status Damaged status Not for loan Collection Home library Current library Date acquired Source of acquisition Cost, normal purchase price Inventory number Total Checkouts Full call number Barcode Date last seen Cost, replacement price Price effective from Koha item type
        CRC Fr. Agnel's C.Rodrigues College of Engineering Fr. Agnel's C.Rodrigues College of Engineering 17/03/2023 Allied Publishers 473.77 1037 dt 03.11.2015   4.6 KAR 23864 17/03/2023 649.00   BOOK
        CRC Fr. Agnel's C.Rodrigues College of Engineering Fr. Agnel's C.Rodrigues College of Engineering 17/03/2023 Allied Publishers 473.77 1037 dt 03.11.2015   4.6 KAR 23865 17/03/2023 649.00   BOOK
        CRC Fr. Agnel's C.Rodrigues College of Engineering Fr. Agnel's C.Rodrigues College of Engineering 17/03/2023 Allied Publishers 473.77 1037 dt 03.11.2015   4.6 KAR 23866 17/03/2023 649.00   BOOK